Šetrenie zvariteľnosti ocelí s vyššou medzou klzu : Diplomová práca

Salvato in:
Dettagli Bibliografici
Autore principale: Švec, Jozef (Autore)
Altri autori: Tiso, Jozef (xxx)
Natura: Manoscritto Libro
Lingua:slovacco
Pubblicazione: Trnava : STU v Bratislave MtF KZaZS, 1993
Soggetti:
Tags: Aggiungi Tag
Nessun Tag, puoi essere il primo ad aggiungerne!!

MARC

LEADER 00000ntm a22000003a 4500
001 stu80608
005 20160719154940.9
008 030528s1993----xo------------------slo-d
040 |a STU  |b slo 
041 0 |a slo 
044 |a xo 
100 1 |a Švec, Jozef  |4 aut 
245 1 |a Šetrenie zvariteľnosti ocelí s vyššou medzou klzu :  |b Diplomová práca 
260 |a Trnava :  |b STU v Bratislave MtF KZaZS,  |c 1993 
300 |a 91 s  |c abstr. 
650 7 |a zvariteľnosť ocelí  |2 stusub 
650 7 |a medze klzu  |2 stusub 
650 7 |a strojárske technológie  |2 stusub 
700 1 |a Tiso, Jozef  |4 xxx 
996 |b 284M042143  |c M*DP-2143  |l MMSKP  |s P  |a 0  |w stu80608_0001 
996 |b 284M064227  |c M*DP-3350  |l MMSKP  |s P  |a 0  |w stu80608_0002